[Event "Online Olym Div4 C"]
[Site "Chess.com INT"]
[Date "2021.08.20"]
[Round "1.4"]
[White "Belachew, Yimam Abera"]
[Black "Kara, Louis"]
[Result "1-0"]
[WhiteElo "2116"]
[BlackElo "1649"]
[PlyCount "161"]
[EventDate "2021.08.20"]
[EventType "team (rapid)"]
[EventRounds "11"]
[EventCountry "USA"]
[SourceTitle "CBM 203 Extra"]
[Source "ChessBase"]
[SourceDate "2021.09.30"]
[SourceVersion "1"]
[SourceVersionDate "2021.09.30"]
[SourceQuality "1"]
[WhiteTeam "Ethiopia"]
[BlackTeam "Tanzania"]
[WhiteTeamCountry "ETH"]
[BlackTeamCountry "TAN"]

1. e4 e5 2. Nf3 Nc6 3. Bc4 Bc5 4. 0-0 Nf6 5. d3 d6 6. h3 Be6 7. Bb3 h6 8. Nc3 Qd7 9. Kh2 0-0-0 10. Be3 Nd4 11. Nd5 Nxb3 12. axb3 Bxe3 13. Nxe3 a6 14. c4 g5 15. Ng1 g4 16. f4 gxf3 17. Qxf3 Nh7 18. Nd5 Bxd5 19. cxd5 f6 20. Rac1 Qg7 21. Rc2 Rhg8 22. Rfc1 Rd7 23. Qf5 Kb8 24. g4 Nf8 25. Rf1 Rf7 26. Rcf2 Qg6 27. Qxg6 Rxg6 28. Nf3 Nd7 29. Nh4 Rg5 30. Nf3 Rgg7 31. Nh4 Rg5 32. Rf5 Rxf5 33. Rxf5 Nc5 34. Rh5 Nxd3 35. Nf5 Nxb2 36. Rxh6 Nd3 37. Rh8+ Ka7 38. h4 Nc5 39. h5 Nxe4 40. h6 Ng5 41. Kg3 Kb6 42. Kh4 Kc5 43. Kh5 Kb4 44. Kg6 Kxb3 45. Ng3 a5 46. Ne4 Rd7 47. Nxf6 Re7 48. Kxg5 a4 49. Ra8 a3 50. Kg6 a2 51. h7 Rxh7 52. Nxh7 Kb2 53. Kf5 a1Q 54. Rxa1 Kxa1 55. g5 b5 56. g6 b4 57. g7 b3 58. g8Q b2 59. Qa8+ Kb1 60. Qa3 Kc2 61. Qa4+ Kc1 62. Qc4+ Kd2 63. Qb3 Kc1 64. Qc3+ Kb1 65. Qxc7 Ka2 66. Qa5+ Kb3 67. Qb5+ Ka3 68. Qa6+ Kb3 69. Qb6+ Ka2 70. Qa6+ Kb3 71. Qb5+ Kc2 72. Qc4+ Kd2 73. Qb3 Kc1 74. Qc3+ Kb1 75. Ng5 e4 76. Nxe4 Ka2 77. Qa5+ Kb3 78. Qb5+ Kc2 79. Qc4+ Kb1 80. Nd2+ Ka1 81. Qa4# 1-0

[Event "Kampala Kawuma op"]
[Site "Kampala"]
[Date "2018.03.11"]
[Round "8"]
[White "Kara, Louis"]
[Black "Sserwaniko, John"]
[Result "1-0"]
[WhiteElo "1541"]
[BlackElo "1844"]
[PlyCount "45"]
[EventDate "2018.03.08"]
[EventType "swiss"]
[EventRounds "8"]
[EventCountry "UGA"]
[SourceTitle "EXT 2019"]
[Source "ChessBase"]
[SourceDate "2018.10.10"]
[SourceVersion "1"]
[SourceVersionDate "2018.10.10"]
[SourceQuality "1"]

1. e4 c5 2. d4 cxd4 3. Nf3 d6 4. Nxd4 Nf6 5. Nc3 a6 6. Bc4 e6 7. 0-0 Be7 8. h3 0-0 9. Be3 b5 10. Bd3 Bb7 11. a3 Nbd7 12. Qe2 h6 13. Rad1 Nc5 14. f3 Re8 15. Qf2 Nfd7 16. Nde2 Rc8 17. Qg3 Kh8 18. Nf4 Bh4 19. Qg4 g5 20. Nh5 Ne5 21. Bd4 Ncd7 22. f4 gxf4 23. Qg7# 1-0

[Event "Kampala Kawuma op"]
[Site "Kampala"]
[Date "2018.03.10"]
[Round "6"]
[White "Kaamu, Joseph"]
[Black "Kara, Louis"]
[Result "0-1"]
[WhiteElo "1805"]
[BlackElo "1541"]
[PlyCount "62"]
[EventDate "2018.03.08"]
[EventType "swiss"]
[EventRounds "8"]
[EventCountry "UGA"]
[SourceTitle "EXT 2019"]
[Source "ChessBase"]
[SourceDate "2018.10.10"]
[SourceVersion "1"]
[SourceVersionDate "2018.10.10"]
[SourceQuality "1"]

1. e4 b6 2. d4 Bb7 3. Bd3 e6 4. c4 Nf6 5. Nc3 Bb4 6. f3 Bxc3+ 7. bxc3 c5 8. Ne2 d5 9. e5 dxc4 10. exf6 cxd3 11. fxg7 Rg8 12. Qxd3 Rxg7 13. Ng3 cxd4 14. cxd4 Qd5 15. 0-0 Ba6 16. Qe4 Qxe4 17. Nxe4 Bxf1 18. Kxf1 f5 19. Nd6+ Kd7 20. Bf4 Nc6 21. Rd1 Rag8 22. g3 h5 23. h4 Nb4 24. Kf2 Nd5 25. Be5 Rg6 26. Rc1 f4 27. g4 hxg4 28. h5 g3+ 29. Kg1 Rh6 30. Nb5 Rxh5 31. Nxa7 g2 0-1

[Event "Kampala Kawuma op"]
[Site "Kampala"]
[Date "2018.03.10"]
[Round "5"]
[White "Mugisha, Ivan Jalagatha"]
[Black "Kara, Louis"]
[Result "1-0"]
[WhiteElo "1819"]
[BlackElo "1541"]
[PlyCount "66"]
[EventDate "2018.03.08"]
[EventType "swiss"]
[EventRounds "8"]
[EventCountry "UGA"]
[SourceTitle "EXT 2019"]
[Source "ChessBase"]
[SourceDate "2018.10.10"]
[SourceVersion "1"]
[SourceVersionDate "2018.10.10"]
[SourceQuality "1"]

1. Nf3 e6 2. e4 b6 3. Be2 Bb7 4. d3 d5 5. exd5 Bxd5 6. 0-0 Nf6 7. b3 Bd6 8. Bb2 c5 9. Nbd2 Nbd7 10. Re1 0-0 11. Bf1 Re8 12. Ne4 Bc7 13. g3 Nxe4 14. dxe4 Bb7 15. Bg2 Nf6 16. Nd2 Qe7 17. e5 Nd5 18. c4 Rad8 19. cxd5 Bxd5 20. Qe2 Rd7 21. Rad1 Red8 22. Ne4 h6 23. Qg4 Bxe4 24. Bxe4 Rd2 25. Rb1 b5 26. Bc6 Ba5 27. Rf1 a6 28. Be4 Qg5 29. Qxg5 hxg5 30. Bb7 Rc2 31. Bxa6 b4 32. a4 bxa3 33. Bxa3 Bb6 1-0

[Event "Africa zt 4.2"]
[Site "Dar es Salaam"]
[Date "2016.04.23"]
[Round "1"]
[White "Kara, Louis"]
[Black "Adebo, Muhaba Detamo"]
[Result "0-1"]
[WhiteElo "1435"]
[BlackElo "2017"]
[PlyCount "94"]
[EventDate "2016.04.23"]
[EventType "swiss"]
[EventRounds "9"]
[EventCountry "TAN"]
[SourceTitle "EXT 2017"]
[Source "ChessBase"]
[SourceDate "2016.10.25"]
[SourceVersion "1"]
[SourceVersionDate "2016.10.25"]
[SourceQuality "1"]

1. e4 e6 2. Nf3 d5 3. exd5 exd5 4. d4 Nf6 5. Bd3 Be7 6. h3 0-0 7. 0-0 h6 8. Nbd2 Be6 9. Re1 Nbd7 10. Ne5 c6 11. f4 Nb6 12. Qf3 c5 13. dxc5 Bxc5+ 14. Kh1 Nbd7 15. Nb3 Bb6 16. Bd2 Nxe5 17. fxe5 Ne4 18. Bxe4 dxe4 19. Qe2 Bf5 20. Rad1 Qh4 21. Qf1 Bg6 22. Bb4 Rfe8 23. Bd6 Bf2 24. Re2 e3 25. Rd4 Be4 26. Rxf2 exf2 27. Kh2 Qf4+ 28. g3 Qf5 29. Nc5 Bc6 30. Rf4 Qxc2 31. Rxf2 Qg6 32. b4 b6 33. Na6 Rac8 34. Nc7 Red8 35. Qc4 Bd7 36. Qd5 Bxh3 37. Qb7 Qh5 38. Qxa7 Bd7+ 39. Kg1 Qh3 40. Rf1 Bc6 41. Kf2 Qg2+ 42. Ke1 Bf3 43. Rxf3 Qxf3 44. Qxb6 Qxg3+ 45. Qf2 Qc3+ 46. Qd2 Rxc7 47. Qxc3 Rxc3 0-1